| 000 | 00528nam a2200181Ia 4500 | ||
|---|---|---|---|
| 008 | 240925s9999 xx 000 0 und d | ||
| 020 | _a9788120307520 | ||
| 082 | _a621.38154 HEL | ||
| 100 | _aHelfrick, Albert D.; Cooper, William D. | ||
| 245 | 0 | _aModern electronic instrumentation and measurement techniques | |
| 250 | _aNA | ||
| 260 |
_aNew Delhi: _bPHI learning Pvt Ltd _c,2015. |
||
| 300 |
_a856p. _b0 _fOriginal |
||
| 500 | _aIncludes Index | ||
| 600 | _aElectronic Engineering | ||
| 650 | _aTechnology | ||
| 942 | _cBK | ||
| 999 |
_c17528 _d17528 |
||